| 000 | 00889nam a2200253 a 4500 | ||
|---|---|---|---|
| 999 |
_c234311 _d234311 |
||
| 001 | 2443243 | ||
| 003 | Nust | ||
| 005 | 20170317123054.0 | ||
| 008 | 880616t19791971enkk b 001 0 eng c | ||
| 010 | _a 88151051 | ||
| 020 | _a0566050390 (pbk.) | ||
| 040 |
_aMH _cMH _dDLC |
||
| 082 | _a309.1 MOS | ||
| 100 | 1 | _aMoser, C. A. | |
| 245 | 1 | 0 |
_aSurvey methods in social investigation / _cby Sir Claus Moser and Graham Kalton. |
| 260 |
_aAldershot, Hants, England; _aBrookfield, Vt., U.S.A. : _bGower, _c1979, |
||
| 300 |
_axvii, 352 p. : _bforms ; _c22 cm. |
||
| 500 | _aIncludes indexes. H.B | ||
| 504 | _aBibliography: p. 489-532. | ||
| 650 | 0 | _aSocial surveys. | |
| 650 | 0 | _aSampling (Statistics) | |
| 906 |
_a7 _bcbc _corignew _du _encip _f19 _gy-gencatlg |
||
| 942 |
_2ddc _cBK _k309.1 MOS |
||